000 00477nam a2200193Ia 4500
008 180207s9999 xx 000 0 und d
020 _a9788176553514
050 _bM285 2004
100 _aManokaran, Jeyanthi
245 _aLittle folk in my garden /
245 _cby Jeyanthi Manokaran.
260 _aNew York :
260 _bScholastic,
260 _c2004
300 _aunpaged :
300 _billustrations ;
300 _c24cm.
440 _aRead & colour story.
999 _c355626
_d355626